• 首页
  • 本馆介绍
  • 公告通知
  • 最新文献
  • 馆藏检索
  • 电子资源
  • 读者导购
  • 参考咨询
  • 我的图书馆
  • 登录
  • 详细信息显示
  • 放入我的书架
  • 预约/预借图书
  • 作者相关作品
  • 分类相关作品
  • 丛书相关作品
  • 出版社相关作品

书目信息

  • 表格格式
  • 工作单格式
  • 卡片格式
题名:
四书五经里的学问
    
 
作者: 季风 著
分册:  
出版信息: 北京   北京大学出版社  2017
页数: 210页
开本: 21cm
丛书名:
单 册:
中图分类: B222.15 , Z126.27
科图分类:
主题词: 四书--si shu--研究 , 儒家--ru jia , 五经--wu jing--研究
电子资源:
ISBN: 978-7-301-27683-9
000 00873nam0 22002651 450
001 1754520012
005 20170516112211.0
010    @a978-7-301-27683-9@dCNY32.00
100    @a20161227d2017 em y0chiy50 ea
101 0  @achi
102    @aCN@b110000
105    @ay z 000yy
106    @ar
200 1  @a四书五经里的学问@9si shu wu jing li de xue wen@f季风著
210    @a北京@c北京大学出版社@d2017
215    @a210页@d21cm
330    @a本书首先,是想让读者领略“四书”“五经”的精华;其次,是想让读者了解“四书”“五经”的内容体系和主题思想;再次,有侧重点地针对每部书的重要思想、观点以及社会影响力进行分析解读。
606 0  @a四书@9si shu@x研究
606 0  @a儒家@9ru jia
606 0  @a五经@9wu jing@x研究
690    @aB222.15@v5
690    @aZ126.27@v5
701  0 @a季风@9ji feng@4著
801  0 @aCN@b百万庄@c20170513
905    @b1005984-9@dB222.15@e586@f6
    
    四书五经里的学问/季风著.-北京:北京大学出版社,2017
    210页;21cm
    
    
    ISBN 978-7-301-27683-9:CNY32.00
    本书首先,是想让读者领略“四书”“五经”的精华;其次,是想让读者了解“四书”“五经”的内容体系和主题思想;再次,有侧重点地针对每部书的重要思想、观点以及社会影响力进行分析解读。
●
相关链接 在E读中查询图书 在五车中查询图书 在当当中查询图书 在豆瓣中查询图书


正题名:四书五经里的学问     索取号:B222.15/586         预约/预借

序号 登录号 条形码 馆藏地/架位号 状态 备注
1 1005984   210059844   第一样本阅览室/ [索取号:B222.15/586] 在馆    
2 1005985   210059853   教育系资料室/ [索取号:B222.15/586] 在馆    
3 1005986   210059862   教育系资料室/ [索取号:B222.15/586] 在馆    
4 1005987   210059871   教育系资料室/ [索取号:B222.15/586] 在馆    
5 1005988   210059880   第一借阅区/ [索取号:B222.15/586] 在馆    
6 1005989   210059899   第一借阅区/ [索取号:B222.15/586] 在馆    
唐山师范学院图书馆 欢迎您!
大连网信软件有限公司© 版权所有